000 00393nab a2200145Ia 4500
003 ES-SlBCS
005 20210601150532.0
008 140529s1972 xxu||||| |||| 00| 0 spa d
041 _aspa
100 1 _aVela, Vicente
_9224269
245 0 0 _aDe la transformación
_c Vicente Vela
650 0 4 _aTransformación
_9155981
773 0 _tTropos
_gnº. 3-4, 1972, págs. 155-160
_wRev803
942 _cAR
999 _c742477
_d742477